[Event "SRB-ch U16"]
[Site "Novi Sad"]
[Date "2018.04.07"]
[Round "7"]
[White "Loncarski, Stefan"]
[Black "Djokic, Mihailo"]
[Result "0-1"]
[WhiteElo "1816"]
[BlackElo "2085"]
[PlyCount "68"]
[EventDate "2018.04.02"]
[EventType "swiss"]
[EventRounds "9"]
[EventCountry "SRB"]
[SourceTitle "EXT 2019"]
[Source "ChessBase"]
[SourceDate "2018.10.10"]
[SourceVersion "1"]
[SourceVersionDate "2018.10.10"]
[SourceQuality "1"]

1. e4 c5 2. Nc3 d6 3. f4 g6 4. Nf3 Bg7 5. a4 a6 6. g3 Nc6 7. Bg2 e6 8. d3 Nge7 9. 0-0 0-0 10. Be3 b6 11. Qd2 d5 12. Nd1 Bb7 13. e5 d4 14. Bf2 h6 15. c3 Na5 16. Ra3 dxc3 17. bxc3 Bxf3 18. Bxf3 Nc4 19. Qe2 Nxa3 20. Bxa8 Qxa8 21. Qb2 Qd5 22. Qxa3 Nc6 23. Nb2 Rd8 24. Rd1 g5 25. Nc4 Qf3 26. Qc1 b5 27. axb5 axb5 28. Nd6 b4 29. Re1 bxc3 30. Bxc5 Qd5 31. d4 Nxd4 32. Ne4 Nf3+ 33. Kf2 Nxe1 34. Qxe1 c2 0-1

[Event "SRB-ch U16"]
[Site "Novi Sad"]
[Date "2018.04.05"]
[Round "5"]
[White "Loncarski, Stefan"]
[Black "Engi, Igor"]
[Result "1/2-1/2"]
[WhiteElo "1816"]
[BlackElo "1684"]
[PlyCount "76"]
[EventDate "2018.04.02"]
[EventType "swiss"]
[EventRounds "9"]
[EventCountry "SRB"]
[SourceTitle "EXT 2019"]
[Source "ChessBase"]
[SourceDate "2018.10.10"]
[SourceVersion "1"]
[SourceVersionDate "2018.10.10"]
[SourceQuality "1"]

1. e4 c5 2. Nc3 g6 3. g3 Bg7 4. Bg2 Nc6 5. d3 d6 6. Be3 e6 7. Qd2 Rb8 8. Nge2 b5 9. d4 c4 10. e5 d5 11. h3 Bd7 12. 0-0 b4 13. Nd1 a5 14. f4 Nge7 15. g4 0-0 16. Ng3 Qb6 17. c3 f5 18. g5 Kf7 19. h4 Rh8 20. h5 b3 21. a3 a4 22. Bf3 Rbg8 23. Bf2 Ke8 24. Ne3 Kd8 25. h6 Bf8 26. Be2 Na5 27. Rfd1 Kc7 28. Nxc4 Nxc4 29. Bxc4 dxc4 30. d5 Qb5 31. d6+ Kc8 32. dxe7 Bxe7 33. Ne2 Rd8 34. Qe3 Qb7 35. Rd2 Bc6 36. Rad1 Rxd2 37. Rxd2 Bd5 38. Qg3 Rd8 1/2-1/2